[Event "Julian Borowski-A 4th"]
[Site "Essen"]
[Date "2002.05.16"]
[Round "1"]
[White "Leko, Peter"]
[Black "Dautov, Rustem"]
[Result "1/2-1/2"]
[WhiteElo "2707"]
[BlackElo "2636"]
[Annotator "Dautov,R"]
[PlyCount "132"]
[EventDate "2002.05.16"]
[EventType "tourn"]
[EventRounds "9"]
[EventCountry "GER"]
[EventCategory "16"]
[SourceTitle "CBM 090"]
[Source "ChessBase"]
[SourceDate "2002.09.20"]
[SourceVersion "1"]
[SourceVersionDate "2002.09.20"]
[SourceQuality "1"]

1. e4 c6 2. d4 d5 3. Nc3 dxe4 4. Nxe4 Bf5 5. Ng3 Bg6 6. h4 h6 7. Nf3 Nd7 8. h5
Bh7 9. Bd3 Bxd3 10. Qxd3 e6 11. Bf4 Qa5+ 12. Bd2 Qc7 13. O-O-O Ngf6 14. Ne4
O-O-O 15. g3 Nxe4 16. Qxe4 Be7 {Eine Alternative zu der Hauptfortsetzung 16...
Bd6.} 17. Qe2 ({Die Idee von 16...Be7 sieht man in der Variante} 17. c4 c5 {
, und Weiß kann nicht} 18. d5 $2 {wegen} Nf6 $17 {spielen.}) (17. Bf4 Bd6 $11)
17... Rhe8 18. Kb1 Kb8 {Vor dem Hebel c6-c5 sucht sich der schwarze König
einen sicheren Platz.} (18... Bf8) 19. c4 c5 20. Rhe1 ({In Frage kam} 20. Bf4
Bd6 21. Bxd6 Qxd6 22. Rd2 $14) 20... Ka8 21. Bf4 Qc8 {Die schwarze Stellung
ist passiv, aber sehr fest.} (21... Bd6 22. Bxd6 Qxd6 23. d5 $14 (23. Rd2 $5
$14)) 22. g4 $146 {Ein logischer Zug. Weiß deckt seine eventuelle Schwäche h5
und plant gelegentlich den Vorstoß g4-g5.} ({In der Vorgängerpartie geschah} 
22. Ne5 Nxe5 23. dxe5 Bg5 $2 ({richtig war} 23... Qc6 $1 $11) 24. Bxg5 hxg5 25.
Qe3 Rxd1+ 26. Rxd1 Rd8 27. Rd2 $16 {, und Schwarz büßte seinen Pg5 ein,
Balashov,Y-Guseinov,A/Tallinn 1983.}) 22... cxd4 ({Sechs Runden später
bediente ich mich an dieser Stelle einer Idee von Leko, die er mir bei der
Partieanalyse verriet:} 22... Nf6 $5 23. dxc5 $1 ({laut Peter ist} 23. Ne5 Rxd4
24. Rxd4 cxd4 25. Nxf7 {wegen} e5 $1 {sehr gefährlich für Weiß.}) 23... Nxg4
24. Bd6 e5 25. Bxe7 Rxd1+ 26. Rxd1 Rxe7 $13 {, mit einer komplexen Stellung,
Lutz,C-Dautov,R/Essen 2002}) 23. Nxd4 {/\Nb5} a6 {/\Bb4, e5} ({Die Abwicklung} 
23... e5 24. Nf5 exf4 25. Nxe7 Qc5 26. Rd5 {wäre günstig für Weiß.}) (23... Bb4
$2 24. Nb5 e5 25. Bd2 $16) 24. Nf3 Bb4 25. Rg1 f6 ({Zu aktiv wäre} 25... e5 26.
Bc1 e4 $2 (26... f6 27. Nh4) 27. Nh4 Ne5 28. Rxd8 Rxd8 29. b3 $14 {><e4, g7})
26. Bc1 Bf8 ({In Frage kam} 26... Nf8 $5 {, mit der Idee e6-e5 und Nf8-e6, z.B.
} 27. b3 e5 28. Nh4 Ne6 29. Nf5 Qc6 $11) 27. b3 {Die weiße Bauernstruktur ist
etwas besser, außerdem hat Schwarz einen "schlechten" Läufer, was im Endspiel
von großer Bedeutung sein kann.} Nb8 28. Nd4 Nc6 {Strategisch gesehen ist dies
ein riskanter Abtausch, da dadurch ein für Schwarz ungünstiges Läuferendspiel
näher rückt. Aber durch aktives Spiel kann Schwarz das Gleichgewicht halten.} (
{Hier hatte ich die Möglichkeit, meinen Läufer loszuwerden:} 28... Bc5 29. Bb2
Bxd4 30. Bxd4 e5 31. Bb6 (31. Be3 Rxd1+ 32. Rxd1 Rd8) 31... Rd7 32. Qe4 Re6 33.
Be3 Red6 34. Rxd6 Rxd6 $14 {, und Schwarz dürfte die Stellung halten.}) 29.
Nxc6 Qxc6 30. f3 Bc5 31. Rge1 e5 32. Qe4 Qxe4+ 33. fxe4 Bb4 34. Rg1 Rd4 {
Das war meine Idee, der Bauer e4 ist schwach.} 35. a3 (35. Rxd4 $6 exd4 36. Kc2
Rxe4 37. Kd3 Re7 38. Kxd4 b6 $11) 35... Bc5 $2 ({Das ursprünglich geplante} 
35... Ba5 $1 {war korrekt, nach} 36. b4 Bc7 37. c5 {sah ich nicht den Remisweg}
Red8 $1 ({aber nicht} 37... Rxe4 $2 38. Rd7 $16) 38. Kc2 b5 $1 39. cxb6 (39.
Rxd4 Rxd4 $11) 39... Bxb6 40. Rxd4 (40. Rge1 $2 Rc4+ 41. Kb3 Rxd1 42. Rxd1 Rxe4
$11) 40... Rc8+ $1 (40... Rxd4 41. Re1 Kb7 42. Bb2 $14) 41. Kd2 Bxd4 42. Rg3
Kb7 $11) 36. Rge1 Red8 37. Kc2 b5 38. cxb5 axb5 39. Bb2 {Nun steht Schwarz
eine lästige Verteidigung bevor. Das reine Läuferendspiel ist für ihn verloren.
} R4d7 40. Rxd7 Rxd7 41. Rd1 Rc7 $2 {Unterschätzt den nächsten weißen Zug.} (
41... Rxd1 $4 42. Kxd1 Kb7 43. Kc2 Kc6 44. b4 Bb6 45. Kd3 {/\Bc1-e3} Bc7 46.
Bc1 Bd6 47. Be3 Be7 (47... Bc7 48. Bc5 $18) 48. Kc2 Bd6 49. Kb3 Be7 50. a4 Bd6
51. a5 Be7 52. a6 $18) ({Am besten war der Übergang ins Turmendspiel:} 41...
Bd4 $1 42. Bxd4 exd4 43. Kd3 (43. Kd2 Ra7 44. Ra1 b4 $1 45. a4 Rc7 46. Rc1 Rc3
$11) 43... Rc7 44. Rb1 Kb7 (44... Rc3+ 45. Kxd4 Rg3 46. Kc5 Rxg4 47. Kxb5 Rxe4
48. Rd1 $16) 45. Kxd4 Rc2 {, und dank dem aktiven Turm dürfte Schwarz die
Stellung halten.}) 42. Kb1 $1 $16 {Sehr stark! Es droht 43.Rc1 nebst b3-b4.
Schwarz ist zu der weiteren Passivität gezwungen.} Be7 43. Rd5 Rb7 44. Bc1 Kb8
45. Kb2 ({In Frage kam auch} 45. Bd2 $5 Kc7 (45... Bxa3 $2 46. b4 $18) 46. Ba5+
Kc6 47. b4 $16 {/\Kc2-b3,a4 (Leko)}) 45... Kc7 46. b4 $2 {Bisher hat Peter
hervorragend gespielt, aber hier unterläuft ihm ein Fehler. Das Einbruchsfeld
b4 durfte nicht verbaut werden!} ({Gute Gewinnchancen behielt Weiß mit} 46. Be3
$1 Kc6 47. Rd1 $1 {, z.B.} Rb8 48. Rc1+ Kb7 49. Bc5 Bxc5 (49... Re8 50. Rc2
Bxc5 51. Rxc5 Kb6 52. Rd5 $16) 50. Rxc5 Kb6 51. Rd5 Rc8 $1 (51... Kc6 $2 52.
Kc3 $16 {/\Kb4}) (51... Ra8 52. Rd7 $16) 52. Rd6+ $1 (52. Rd7 Kc5 53. Kc3 b4+
$1 54. axb4+ Kb5+ 55. Kd3 Rg8 $14) 52... Kc5 53. Rd7 Rg8 54. Kc3 $16) 46... Kc6
47. Kb3 Ra7 48. Be3 Ra8 $11 {Schwarz hat eine undurchdringbare Festung
aufgebaut.} 49. Rd1 Bd6 50. Ra1 Ra4 $1 51. Rc1+ Kb7 52. Rd1 Kc6 53. Rd2 (53.
Bc5 Bxc5 54. Rc1 Kb6 55. Rxc5 Ra8 $11) 53... Ra8 54. Rc2+ Kb7 55. Ra2 Ra4 56.
Rf2 Ra6 57. Rd2 Kc6 58. Ra2 Ra4 59. Rc2+ Kb7 60. Bc5 Bxc5 61. Rxc5 Kb6 62. Rd5
(62. Rc8 Ra7 $11) 62... Kc6 63. Rc5+ Kb6 64. Rc8 Ra7 65. Rb8+ Kc6 66. Rc8+ Kb6
1/2-1/2

[Event "FRA-chT poule haute"]
[Site "France"]
[Date "2003.05.07"]
[Round "8.4"]
[White "Bacrot, Etienne"]
[Black "Dautov, Rustem"]
[Result "1/2-1/2"]
[WhiteElo "2671"]
[BlackElo "2611"]
[Annotator "Dautov,R"]
[PlyCount "77"]
[EventDate "2003.05.07"]
[EventType "team"]
[EventRounds "4"]
[EventCountry "FRA"]
[SourceTitle "CBM 095"]
[Source "ChessBase"]
[SourceDate "2003.07.25"]
[SourceVersion "1"]
[SourceVersionDate "2003.07.25"]
[SourceQuality "1"]
[WhiteTeam "Paris NAO"]
[BlackTeam "Mulhouse"]
[WhiteTeamCountry "FRA"]
[BlackTeamCountry "FRA"]

1. e4 c6 2. d4 d5 3. Nd2 dxe4 4. Nxe4 Bf5 5. Ng3 Bg6 6. h4 h6 7. Nf3 Nd7 8. h5
Bh7 9. Bd3 Bxd3 10. Qxd3 Ngf6 11. Bf4 e6 12. O-O-O Be7 13. Kb1 O-O 14. Ne4 Nxe4
15. Qxe4 Nf6 16. Qe2 Qd5 17. Ne5 Qe4 18. Qxe4 Nxe4 19. Nd3 $5 $146 {Eine neue
Idee in diesem populär gewordenen Endspiel. Weiß verzichtet auf die übliche
zentrale Strategie und konzentriert sich auf das Spiel auf dem Königsfügel.} (
19. Rhe1 Nf6 20. g4 Rfd8 21. f3 (21. Be3 Bd6 22. f3 Rac8 23. c4 a5 24. a4 Nd7
25. Bd2 Bc7 26. Bc3 Nxe5 27. dxe5 c5 28. Kc2 $14 {Kasparov,G-Anand,V/Linares
2003}) 21... c5 (21... Rac8 22. c3 Kf8 23. Kc2 Nd5 24. Bc1 c5 25. dxc5 Rxc5 26.
f4 b5 27. a3 Kg8 28. g5 hxg5 29. fxg5 b4 30. Nd3 Rcc8 31. axb4 Bxb4 32. Bd2 Be7
33. Ra1 $14 {Shirov,A-Kramnik,V/Moscow 2002}) 22. dxc5 Bxc5 23. c4 Bf2 24. Rf1
Bd4 25. Rd3 Bxe5 26. Rxd8+ Rxd8 27. Bxe5 Nh7 28. b3 f6 29. Bf4 f5 $11 {Lutz,
C-Khenkin,I/BL 0203}) 19... Rfd8 20. c3 Nf6 {Mit diesem Zug könnte ich mir
Zeit lassen, in Frage kam das sofortige 20...Rac8, um den Vorstoß c6-c5
vorzubereiten.} (20... Rac8 21. g4 Nf6 22. Rdg1 (22. g5 Nd5 $11) (22. Kc2 $6 c5
23. dxc5 Nxg4) (22. f3 Nd5 23. Bc1 b5) 22... Nd5 (22... c5 23. Nxc5 Bxc5 24.
dxc5 Rxc5) 23. Bc1 c5 24. Nxc5 Bxc5 25. dxc5 Rxc5 26. g5 Kh7 $132) 21. g4 $1 a5
$6 {Dieser Bauer wird später zu Schwäche neigen. Besser war 21...Rac8.} ({
Die Verwicklungen nach 21...Nxg4? sind unerfreulich für Schwarz:} 21... Nxg4 $2
22. Rdg1 e5 (22... Nf6 23. Bxh6 Ne8 24. Bxg7 Nxg7 25. h6 Bf6 26. Nc5 $1 $16)
23. Bc1 e4 (23... f5 24. f3) 24. Rxg4 exd3 25. Bxh6 $16) (21... Rac8 $1) 22.
Rdg1 Nd5 23. Bc1 Rac8 {Die Durchsetzung von c6-c5 ist der einzig vernünftige
Plan, will Schwarz nicht nach und nach auf dem Königsflügel erdrückt werden.}
24. g5 $1 {Bacrot öffnet die g-Linie und greift den Bauern g7 an. Mit den
Damen auf dem Brett wäre die schwarze Stellung hoffnungslos, aber im Endspiel
ist die Gefährlichkeit eines solchen Angriffs wesentlich geringer.} ({Das
langsamere Vorgehen mit 24.f4 hätte mir keine Schwiergkeiten bereitet.} 24. f4
c5 25. Nxc5 Bxc5 26. dxc5 Rxc5 27. g5 Kh7 $1 28. Rh3 (28. g6+ fxg6 29. Rxg6 Nf6
$17) 28... Ne7 $15 {/\Nf5}) 24... hxg5 25. Bxg5 Bxg5 26. Rxg5 f6 27. Rg3 Kf7
28. Rhg1 Rg8 {Der Bauer ist gedeckt, und Schwarz beabsichtigt die Überführung
seines Springers nach f5.} 29. Rf3 Rcd8 $5 {/\Ne7-f5 Schwarz sollte auf der
Hut sein - seine Bauern a5, b7, e6 und g7 können vom gegnerischen Springer
abwechselnd angegriffen werden.} (29... Ne7 $2 30. Ne5+ Ke8 31. Nc4 $16) (29...
Rh8 $5 30. Nc5 (30. Ne5+ Ke8 31. Nc4 Rc7 32. Nxa5 Rxh5 $11) (30. c4 $5 Ne7 $2 (
30... Nc7 $1) 31. Nc5 Rc7 (31... b6 32. Ne4 $16 {/\Ng5}) 32. Rxg7+ Kxg7 33.
Nxe6+ Kf7 34. Nxc7 Rc8 35. d5 $16) 30... b6 31. Nb7 (31. Ne4 Rcd8 32. Ng5+ Ke7
33. Ne4 Kf7 $11) 31... Rc7 32. Nd6+ Kf8 33. c4 Ne7 34. Rb3 Nc8 35. Nxc8 Rxc8
36. Rxb6 Rxh5 $11) 30. Ne5+ (30. Kc2 Ne7 31. Ne5+ Ke8 32. Nc4 Rd5 $11) 30...
Ke8 31. Ng6 $6 {Auf diese Weise erreicht Bacrot nichts. Chancenreicher war 31.
Nc4.} (31. Nc4 $1 b6 (31... a4 $2 32. h6 g5 33. Na5 Rd7 34. c4 $16) 32. a4 $1
$14 {><b6 Fixiert die Schwäche b6.} (32. h6 $6 g5 $11)) 31... Ne7 $1 $11 {/\Nf5
} 32. Nf4 (32. Nxe7 Kxe7 $11) 32... Kf7 33. Nd3 {Es stellt sich heraus, daß
Weiß die Schwäche e6 nicht direkt ausnutzen kann.} (33. Re1 Rd6 34. Rfe3 Nd5 $1
35. Nxd5 (35. Rxe6 $2 Rxe6 36. Nxe6 Re8 $19) 35... cxd5 36. Rg1 $11) 33... Rd5
34. Re1 Rxh5 35. Rfe3 Rd5 $1 (35... Nf5 $6 36. Rxe6 Rgh8 37. Nc5 b6 38. Nd7 $14
) 36. Rxe6 Nf5 {Positionell gesehen war der Bauernabtausch ein Erfolg für
Schwarz, der nun auf keinen Fall schlechter steht.} 37. Nc5 Rb8 38. Kc2 b6 39.
Nd3 (39. Nd3 Rd6 $11 (39... Rxd4 40. Rxc6 Rd7 $11)) 1/2-1/2

[Event "Elista FIDE GP"]
[Site "Elista"]
[Date "2008.12.17"]
[Round "4"]
[White "Bacrot, Etienne"]
[Black "Leko, Peter"]
[Result "1-0"]
[WhiteElo "2705"]
[BlackElo "2747"]
[Annotator "Ftacnik,L"]
[PlyCount "61"]
[EventDate "2008.12.14"]
[EventType "tourn"]
[EventRounds "13"]
[EventCountry "RUS"]
[EventCategory "19"]
[SourceTitle "CBM 128"]
[Source "ChessBase"]
[SourceDate "2009.01.28"]
[SourceVersion "1"]
[SourceVersionDate "2009.01.28"]
[SourceQuality "1"]

1. e4 c6 2. d4 d5 3. Nc3 dxe4 4. Nxe4 Bf5 5. Ng3 Bg6 6. h4 h6 7. Nf3 Nd7 8. h5
Bh7 9. Bd3 Bxd3 10. Qxd3 e6 11. Bf4 Qa5+ 12. Bd2 Bb4 13. c3 Be7 14. c4 Qc7 15.
O-O-O Ngf6 16. Ne4 O-O 17. g4 $5 {Black has played the move h7-h6, so the
attack with the help of g2-g4-g5 for White is very tempting. Bacrot is
introducing a daring pawn sacrifice, but he deserves credit more for his
courage than for the objective merit of the experiment.} Nxg4 (17... Nxe4 18.
Qxe4 Nf6 19. Qe2 Nh7 20. Ne5 Bf6 21. Bf4 Qe7 22. Kb1 Rfd8 23. c5 a5 24. Rh3
Bxe5 25. Bxe5 f6 26. Bd6 Rxd6 27. cxd6 Qxd6 28. Re3 {1-0 Pesoa,M-Romero,J/
Villa Ballester 2002 (40)}) 18. Qe2 f5 19. Rdg1 (19. Nh4 Bxh4 20. Rxh4 Qd8 21.
Rhh1 Nb6 22. Nc3 Qxd4 23. f3 Nf6 24. Qxe6+ Rf7 $15) 19... Rae8 {Leko is among
the very cautious players and he knows all about what he can expect from the
grandmasters of the broader top class. Black should be better even after his
brave acceptance of the sacrifice.} (19... fxe4 $5 20. Qxe4 (20. Rxg4 Rxf3 21.
Bxh6 Rf7 22. Rhg1 Bf6 23. Bxg7 Bxg7 (23... Rxg7 24. Rxg7+ Bxg7 25. h6 Qf4+ 26.
Qd2 Qxd2+ 27. Kxd2 Nf6 28. Rxg7+ Kh8 29. Rxb7 Ng4 $15) 24. h6 Qh2 $1 (24... Nf6
25. Rxg7+ Kh8 26. Qe3 $13) 25. Rxg7+ Kh8 26. Rxf7 Qxg1+ 27. Qd1 Qxd1+ 28. Kxd1
Rd8 $15) 20... Ndf6 (20... Ngf6 21. Qxe6+ Rf7 22. Nh4 $14) 21. Qxe6+ Rf7 22.
Rxg4 Nxg4 23. Qxg4 Bd6 24. Re1 Qc8 $17) 20. Ne1 (20. Ng3 Bf6 21. Kb1 c5 22. Bc3
cxd4 23. Nxd4 Qf4 $17) 20... e5 (20... c5 $5 21. Nxc5 (21. dxc5 Nxc5 22. Nc3
Qe5 $17) 21... Nxc5 22. f3 Nf2 23. Qxf2 Nd3+ 24. Nxd3 Qxc4+ 25. Bc3 Qxd3 $17)
21. Ng3 exd4 $6 {It is very nice, that people still play chess, since even the
best once are fallible. Peter has done a lot for the success of his defence,
but he is not yet calculating like a computer. The silicon friend is able to
find 21...Bg5!? with a counter attack and better endgames.} (21... Bg5 $5 22.
Nxf5 (22. Bxg5 exd4 23. Be7 Nb8 24. Qe6+ Rf7 25. Nxf5 Qf4+ 26. Kb1 Qxf5+ 27.
Qxf5 Rxf5 28. Rxg4 Rxe7 29. Rxd4 Rd7 $17) 22... Bxd2+ (22... Rxf5 23. Bxg5 Ndf6
24. Bxf6 Nxf6 $17) 23. Qxd2 Rxf5 24. Rxg4 Nf6 25. Rg6 exd4 $17) 22. Nxf5 Rxf5
23. Qxg4 Rf7 $6 {Objectively speaking, this careful move is of second rate
quality; Black had to find the courage to play 23...Rg5!? with a huge
advantage.} (23... Rg5 $5 24. Bxg5 Bxg5+ 25. Kb1 Ne5 26. Qe2 (26. Qxd4 $2 Rd8
27. Qxa7 Rd1+ 28. Kc2 Rc1+ 29. Kb3 Qd8 $19) 26... Qf7 $17) 24. Bxh6 Bf6 (24...
Ne5 25. Qe4 Bf6 26. Bf4 Nd3+ 27. Nxd3 Rxe4 28. Bxc7 Rxc7 29. h6 $11) 25. Bd2
Ne5 26. Qe2 d3 $2 {Black is spoiling what he can and his chances are gradually
diminishing. Much better was the immediate activation of the queen.} (26... Qb6
27. h6 (27. b3 Rfe7 $1 (27... Qd8 28. h6) 28. h6 d3 29. Qe3 (29. Qe4 $2 Nf3 30.
Qxf3 Qd4 $19) 29... Nxc4 $13) 27... Qa6 28. hxg7 Bxg7 29. b3 Qxa2 30. Rxg7+
Rxg7 31. Rh8+ Kxh8 32. Qh5+ Kg8 33. Qxe8+ Kh7 $11) 27. Qe4 $1 (27. Nxd3 Nxd3+
28. Qxd3 Rd7 29. Qg6 Bxb2+ 30. Kb1 Ree7 31. Be3 $13) 27... Qb6 $6 (27... Rfe7
$1 28. Qf4 Qd6 29. h6 Rd7 30. hxg7 Bxg7 $13) 28. b3 Qc5 (28... Qxf2 $5 29. Rg2
$1 (29. h6 c5 $1 $13) 29... Qc5 30. h6 Qe7 $1 31. hxg7 Rxg7 32. Qh7+ Kf7 33.
Rxg7+ Bxg7 34. Rf1+ Ke6 35. Nxd3 Kd7 36. Re1 Kd8 37. Kc2 $16) (28... Rfe7 29.
Qf4 $1) 29. h6 Qa3+ 30. Kd1 $1 {Bacrot has a diabolic plan and thus he lures
his opponent into the logical completion of the counterplay by grabbing the
a2-pawn.} (30. Kb1 Rfe7 (30... Qb2+ 31. Kxb2 Nxc4+ 32. Kc1 Rxe4 33. bxc4 Rxc4+
34. Kb1 $18) 31. Rxg7+ Rxg7 32. hxg7 Qb2+ 33. Kxb2 Nd7+ 34. Kc1 Rxe4 35. Nxd3
$16) 30... Qxa2 (30... g6 31. Rxg6+ Nxg6 32. Qxg6+ Kf8 33. h7 Ke7 34. Nxd3 Qxa2
35. Nc1 $18) 31. Qh7+ $1 {[%mdl 64] The charming finale in the style of
romantic chess from 19th century. One step before the abyss White forces mate
with the help of a queen sacrifice.} (31. Qh7+ $1 Kxh7 (31... Kf8 32. Bb4+ Rfe7
33. hxg7+ $18) 32. hxg7+ Kg8 33. Rh8#) 1-0

[Event "Morelia/Linares 25th"]
[Site "Morelia/Linares"]
[Date "2008.02.29"]
[Round "9"]
[White "Leko, Peter"]
[Black "Ivanchuk, Vassily"]
[Result "0-1"]
[WhiteElo "2753"]
[BlackElo "2751"]
[Annotator "Ftacnik,L"]
[PlyCount "96"]
[EventDate "2008.02.15"]
[EventType "tourn"]
[EventRounds "14"]
[EventCountry "ESP"]
[EventCategory "21"]
[SourceTitle "CBM 123"]
[Source "ChessBase"]
[SourceDate "2008.04.02"]
[SourceVersion "1"]
[SourceVersionDate "2008.04.02"]
[SourceQuality "1"]

1. e4 c6 2. d4 d5 3. Nc3 dxe4 4. Nxe4 Bf5 5. Ng3 Bg6 6. h4 h6 7. Nf3 Nd7 8. h5
Bh7 9. Bd3 Bxd3 10. Qxd3 e6 11. Bf4 Qa5+ 12. Bd2 Bb4 13. c3 Be7 14. c4 Qc7 15.
O-O-O Ngf6 16. Kb1 O-O 17. Rhe1 {This critical opening position is somewhat
special. Both players would love to storm the hideouts of the enemy king, but
the flexible nature of the position forces them to concentrate their forces
towards the centre.} (17. Qe2 Rfe8 (17... Rad8 18. Ne5 $1 (18. Bc3 Bd6 $132)
18... c5 19. Ng6 $1 {Nataf-Chabanon, Port Barcares 2005/}) 18. Ne5 (18. Bc3 b5
$1 $132) 18... b5 $5 (18... Nxe5 19. dxe5 Nd7 20. f4) (18... Rad8 19. f4 $1 c5
20. Bc3 cxd4 21. Bxd4 Bc5 $13) (18... c5 $5 19. Bc3 cxd4 20. Bxd4 Nxe5 21. Bxe5
Qc6 22. f4 Rac8 $13) 19. c5 $5 (19. cxb5 cxb5 20. Qxb5 Nxe5 21. dxe5 Nd5 $44) (
19. f4 bxc4 20. Qxc4 c5 $132 {Manik-Zelcic, Mitropa Cup 2003}) (19. Rc1 $5 bxc4
20. Rxc4 $1 c5 $132) 19... Nd5 20. f4 b4 21. Ne4 {/\ g4-g5}) 17... a5 {Less
well known, but a very useful move helping to control the b4-square. Black is
taking a useful step in his quest to get towards the white king.} (17... Rad8
18. Qc2 (18. Qe2 Bd6 19. Ne4 Nxe4 20. Qxe4 Nf6 21. Qh4 Be7 $13) (18. Nf5 $6
exf5 19. Rxe7 Ne4 $15) 18... Ng4 19. Bc3 Rfe8 20. Qe2 a5 21. Ne5 {1/2 Motylev,
A (2632)-Dreev,A (2694)/Moscow 2005}) (17... Rfe8 18. Ne5 Bd6 (18... Rad8 19.
Qf3 $36) (18... b5 19. Rc1 bxc4 20. Qxc4 c5 21. Nxf7 Kxf7 22. Rxe6 Kf8 23. Nf5
Nb6 24. Qc2 Bd8 25. Rxe8+ Nxe8 26. dxc5 Nd5 27. Rd1 {0-1 Smikovski,I (2538)
-Lastin,A (2594)/Moscow 2006 (101)}) 19. f4 Rad8 20. Qf3 c5 $1 21. Nxd7 Rxd7 (
21... Nxd7 22. d5 Nb6 (22... exd5 23. Nf5 Nf6 24. Rxe8+ Rxe8 25. cxd5 Qd7 26.
g4 Ne4 27. Be3 Bf8 $11) 23. dxe6 Nxc4 24. exf7+ Qxf7 25. Rxe8+ Rxe8 26. Bc1 Bf8
$14) 22. d5 $1 exd5 23. Rxe8+ Nxe8 24. cxd5 {1-0 Karjakin,S (2658)
-Mchedlishvili,M (2564)/Beersheba 2005/ (41)}) (17... Rfd8 $5 18. Qe2 (18. Nf5
Bf8) 18... c5 19. Ne5 $1 Qb6 (19... cxd4 20. Nxf7 $1) 20. Nxf7 $5 Kxf7 21. Ba5
$40) 18. Bc1 (18. a3 b5 19. cxb5 cxb5 20. Rc1 (20. Nf5 exf5 21. Rxe7 Qd6) 20...
Qb7 21. Nf5 Bxa3 22. bxa3 exf5 23. Qxf5 b4 $17 {0-1 Lhoest,A (1870)-Hentzien,M
(1970)/Champagne Ardennes 2003 (39)}) (18. Bc3 Rfe8 (18... Rfd8 19. Qe2 Bb4 $11
) 19. Ne5 a4 $11) (18. Nf5 Bb4 19. Ng3 $11) 18... Rfd8 19. Qc2 a4 20. Ne5 $6 {
Leko is becoming nervous and it shows in his reaction. The pawn structure will
favour Black, which can be useful even in endgames.} (20. a3 $5 Bd6 21. Ne4
Nxe4 22. Rxe4 Nf6 23. Rh4 Qe7 $11) 20... Nxe5 21. dxe5 Rxd1 22. Qxd1 Nd7 23. f4
(23. a3 Nc5 24. f4 Qa5 $15) 23... Nc5 (23... Qa5 24. Bd2 Qa6 25. Re4 Nb6 26.
Qe2 $11) 24. Ne4 (24. Qf3 Qa5 (24... Rd8 25. Rd1 b5 $15) 25. Rd1 Qb4 26. Qc3 (
26. Qe2 a3) 26... Qxc3 27. bxc3 a3 28. Kc2 Ra4 29. Ne2 Kf8) (24. Qc2 a3 25. b3
Bh4 $15) 24... Rd8 25. Qc2 Nxe4 26. Rxe4 (26. Qxe4 a3 27. b3 Bb4 28. Rf1 Rd7
29. g4 Qd8 $15) 26... Qb6 $1 27. Qxa4 $6 {White reacts in a truly human way.
Grabbing the pawn should compensate for the suffering caused by the need to
fight for equality.} (27. Re1 a3 28. b3 Bb4 $15) 27... Qg1 28. Qc2 Rd1 29. Re2
(29. Re3 Bb4 30. Rd3 Rxd3 31. Qxd3 Qxg2 $15) 29... Rf1 30. a3 Bc5 $1 {[%mdl 32]
The trade off is clearly pleasant for Ivanchuk. The absence of the pawn is
compensated for by the punishing impact of all his pieces.} (30... Rxf4 31. Ka2
Rh4 32. Rd2 Qf1 $17) 31. Qd2 (31. Rd2 Bd4 $1 32. g3 c5 $17) 31... Rd1 32. Qc2
Bd4 33. c5 (33. Rd2 Rf1 34. g3 c5) 33... Rf1 34. Rd2 Rxf4 35. Ka2 (35. Qc4 Bxe5
36. Rd8+ Kh7 37. Qc2+ f5 $17) 35... Rf2 $1 {Black has won the pawn back and
White will face the painful task of fighting on in a miserable endgame.} 36.
Rxf2 Bxf2 37. g4 $6 (37. b3 Bxc5 38. Bb2 Qe3 $17) (37. Qd2 Bxc5 38. b4 Bf8 39.
Bb2 c5 $17) 37... Bxc5 38. Bf4 Qd4 (38... Qxg4 39. Qxc5 Qxf4 40. Qb6 Qxe5 41.
Qxb7 Qd5+ 42. Kb1 Qxh5 $17) 39. Qd2 Qe4 40. Ka1 (40. g5 $1 hxg5 41. Qd8+ Kh7
42. Qxg5 Qc4+ 43. Ka1 Qf1+ 44. Ka2 Qh1 $17) 40... Bd4 {Ivanchuk methodically
improves his pieces, Leko is fighting without a trace of hope.} 41. Qh2 c5 42.
Ka2 b5 43. Qd2 (43. Qg3 Qe2 44. Bc1 c4 $19) 43... Qd5+ 44. Kb1 b4 $1 45. a4 (
45. axb4 cxb4 46. Qd3 b3 47. Bd2 Bxe5 $19) 45... b3 46. Qd3 c4 47. Qe2 Qh1+ 48.
Bc1 Qa8 (48... Qc6 $19) (48... Qa8 49. Qxc4 Qe4+ 50. Ka1 Bxb2+ $19) 0-1